[Event "AUTO-OPEN-960"]
[Site "http://www.queenalice.com/game.php?id=332469"]
[Date "2008.1.7"]
[Round "1"]
[White "vanomcz"]
[Black "Pedro_tdi"]
[Result "1-0"]
[WhiteElo "1225"]
[BlackElo "1949"]

1. e4 e5 2. Nf3 Nc6 3. c3 Nf6 4. d4 exd4 5. cxd4 Nxe4 6. Qe2 d5 7. Nc3 Qe7 8.
Nxd5 Qe6 9. Nxc7+ Kd8 10. Nxe6+ Bxe6 11. Qxe4 Bb4+ 12. Kd1 g6 13. Bg5+ Kc7 14.
a3 Ba5 15. Ne5 Rhe8 16. d5 Bf5 17. Qh4 Rxe5 18. Bf4 Re8 19. Bb5 Kc8 20. Bxe5
Rxe5 21. Qc4 Re4 22. Rc1 Rxc4 23. Bxc4 Nd4 24. Bd3+ Kb8 25. b4 Bb6 26. Re1 Bxd3
27. Re8+ 1-0

[Event "AUTO-OPEN-960"]
[Site "http://www.queenalice.com/game.php?id=332471"]
[Date "2008.1.7"]
[Round "1"]
[White "vanomcz"]
[Black "jnable"]
[Result "0-1"]
[WhiteElo "1225"]
[BlackElo "2009"]

1. e4 e5 2. Nf3 Nc6 3. Nc3 Nf6 4. d4 exd4 5. Nxd4 Bc5 6. Nxc6 bxc6 7. e5 Qe7 8.
f4 d6 9. Qe2 Bg4 10. exf6 gxf6 11. Qxe7+ Kxe7 12. h3 Bf5 13. Bd3 Bxd3 14. cxd3
Rhg8 15. Kf1 d5 16. f5 Rg3 17. Bf4 Rxd3 18. Re1+ Kd7 19. Na4 Bb4 20. Ke2 Rd4 21.
Rhf1 Re8+ 22. Kf2 Rxf4+ 23. Kg3 Rfe4 24. Rxe4 Rxe4 25. a3 Bd6+ 26. Kf3 Rxa4 27.
Ra1 Rf4+ 28. Kg3 Rf1+ 29. Kg4 Rxa1 30. h4 d4 31. h5 d3 32. h6 d2 33. b3 d1=Q+
34. Kh3 Qh5# 0-1

[Event "AUTO-OPEN-960"]
[Site "http://www.queenalice.com/game.php?id=332472"]
[Date "2008.1.7"]
[Round "1"]
[White "jnable"]
[Black "vanomcz"]
[Result "1-0"]
[WhiteElo "1978"]
[BlackElo "1225"]

1. e4 e5 2. Nf3 d6 3. d4 f6 4. Bc4 c5 5. c3 cxd4 6. cxd4 a6 7. Nc3 Qc7 8. Qb3
Ne7 9. Bf7+ Kd8 10. dxe5 dxe5 11. O-O Bg4 12. Be3 Bxf3 13. Bb6 Qxb6 14. Qxb6+
Kc8 15. gxf3 g5 16. Rfd1 Nd7 17. Be6 Bh6 18. Rxd7 Kb8 19. Qxb7# 1-0

[Event "Challenge"]
[Site "http://www.queenalice.com/game.php?id=333651"]
[Date "2008.1.9"]
[Round "-"]
[White "vanomcz"]
[Black "rafaeldias"]
[Result "0-1"]
[WhiteElo "1225"]
[BlackElo "1663"]

1. e4 c5 2. Nc3 Nc6 3. d3 Nf6 4. f3 d5 5. Nh3 d4 6. Ne2 e5 7. c3 Bxh3 8. gxh3
Bd6 9. cxd4 cxd4 10. f4 Qa5+ 11. Qd2 Bb4 12. Nxd4 Nxd4 13. fxe5 Nc2+ 14. Kd1
Nxa1 15. Qe3 Qxe5 16. a3 Ba5 17. b4 Bb6 18. Qf4 Qxf4 19. Bxf4 O-O 20. Be2 Rac8
21. e5 Nd5 22. Bd2 Rfe8 23. Bg4 Rc2 24. Bc1 Nc3+ 25. Ke1 Rxc1+ 26. Kd2 Rxh1 27.
Kxc3 Rxe5 28. d4 Re3+ 29. Kc4 Nb3 30. Kd5 Nxd4 31. Kd6 Rd1 32. Bxd1 Nf5+ 33. Kd7
Rd3+ 34. Kc8 Rxd1 35. Kxb7 Rd7+ 36. Ka6 Nd6 37. a4 Rc7 38. a5 Bd4 39. b5 f5 40.
b6 axb6 41. axb6 Bxb6 42. h4 Nc4 43. Kb5 f4 44. Kb4 f3 45. Kc3 f2 46. Kd3 f1=Q+
47. Ke4 Rd7 48. h5 Rd4# 0-1

[Event "AUTO-INT-819"]
[Site "http://www.queenalice.com/game.php?id=365897"]
[Date "2008.3.5"]
[Round "1"]
[White "RB6"]
[Black "vanomcz"]
[Result "1-0"]
[WhiteElo "1552"]
[BlackElo "1353"]

1. c3 e5 2. d4 exd4 3. Qxd4 Nc6 4. Qe4+ Qe7 5. Nd2 Qxe4 6. Nxe4 d5 7. Ng5 Nge7
8. f4 Ng6 9. e3 Na5 10. Bb5+ c6 11. Bd3 Be7 12. b4 Bf6 13. bxa5 Bxc3+ 14. Ke2
Bxa1 15. h3 d4 16. Bc4 Be6 17. Bxe6 fxe6 18. Nxe6 Kf7 19. Ng5+ Ke8 20. Ne6 Kd7
21. Nxg7 dxe3 22. Bxe3 Bxg7 23. Nf3 Rhe8 24. Rd1+ Kc7 25. Kf2 a6 26. Bb6+ Kc8
27. f5 Nf8 28. Ng5 Bf6 29. Nf7 Be7 30. g4 Nd7 31. Nd6+ Bxd6 32. Rxd6 Nxb6 33.
axb6 Rd8 34. Re6 Kd7 35. g5 Re8 36. Rh6 Re7 37. f6 1-0

[Event "AUTO-INT-819"]
[Site "http://www.queenalice.com/game.php?id=365898"]
[Date "2008.3.5"]
[Round "1"]
[White "vanomcz"]
[Black "RB6"]
[Result "0-1"]
[WhiteElo "1344"]
[BlackElo "1560"]

1. d4 d5 2. Nc3 e6 3. e4 dxe4 4. Nxe4 Qh4 5. Bd3 Bb4+ 6. c3 f5 7. Bg5 Qg4 8.
Qxg4 fxg4 9. cxb4 Nc6 10. Bb5 Ne7 11. a3 O-O 12. Rd1 Rf5 13. Bxc6 Nxc6 14. Ne2
e5 15. Bc1 Be6 16. d5 Raf8 17. dxc6 bxc6 18. N2g3 Bd5 19. O-O h6 20. Nxf5 Rxf5
21. Ng3 Rf6 22. a4 Bb3 23. Rd7 Bxa4 24. Rxc7 a6 25. Re1 Re6 26. Nf5 Bc2 27. Ne7+
Kh7 28. Nxc6 e4 29. Nd4 Rf6 30. Nxc2 Re6 31. f3 gxf3 32. gxf3 Rg6+ 33. Kf2 exf3
34. Kxf3 Rf6+ 35. Bf4 h5 36. Ree7 Rg6 37. Nd4 h4 38. Ne6 Rxe6 0-1

[Event "AUTO-INT-819"]
[Site "http://www.queenalice.com/game.php?id=365911"]
[Date "2008.3.5"]
[Round "1"]
[White "SirChris007"]
[Black "vanomcz"]
[Result "1-0"]
[WhiteElo "1607"]
[BlackElo "1338"]

1. e4 e5 2. Nf3 d6 3. d4 Nf6 4. dxe5 dxe5 5. Qxd8+ Kxd8 6. Nxe5 Ke8 7. Bd3 Bd6
8. Nc4 Nc6 9. Bg5 Be7 10. e5 Ng4 11. Bxe7 Nxe7 12. Nc3 Be6 13. f4 Rd8 14. O-O f6
15. exf6 Nxf6 16. f5 Bxc4 17. Bxc4 Rd2 18. Rac1 Rf8 19. b4 a6 20. b5 axb5 21.
Bxb5+ c6 22. Bd3 Ng4 23. Ne4 Rxd3 24. cxd3 Ne3 25. Rf3 Ng4 26. Nd6+ Kd7 27. Nxb7
Nxf5 28. Nc5+ Kd8 29. Ne6+ Ke7 30. Nxf8 Kxf8 31. Rxf5+ Ke7 32. Rxc6 g6 33. Rf4
Ne5 34. Re4 Kd7 35. Rc5 Nxd3 36. Rd4+ Ke6 37. Rxd3 Kf6 38. Rf3+ Kg7 39. Rc7+ Kh6
40. Rg3 g5 41. Rh3+ Kg6 42. Rhxh7 g4 43. a4 Kg5 44. a5 Kf4 45. a6 g3 46. h3 Kg5
47. a7 Kf4 48. a8=Q Ke3 49. Qf3+ Kd2 50. Rhd7+ Ke1 51. Rc1# 1-0

[Event "AUTO-INT-819"]
[Site "http://www.queenalice.com/game.php?id=365912"]
[Date "2008.3.5"]
[Round "1"]
[White "vanomcz"]
[Black "SirChris007"]
[Result "1-0"]
[WhiteElo "1303"]
[BlackElo "1607"]

1. e4 e5 2. Nf3 d6 3. d4 exd4 4. Nxd4 Nf6 5. f3 c5 6. Bb5+ Bd7 7. Bxd7+ Qxd7 8.
Ne2 Nc6 9. Na3 Be7 10. Nf4 O-O 11. Nd5 Nxd5 12. exd5 Ne5 13. c3 Qf5 14. O-O b5
15. Nxb5 Nd3 16. b4 Nxc1 17. Rxc1 h6 18. bxc5 Qe5 19. Qd4 Rfd8 20. Rfe1 Qxd4+
21. cxd4 Bf8 22. cxd6 Bxd6 23. Rc6 Bb4 24. Re3 Rxd5 25. Nc7 Rc8 26. Nxd5 Rxc6
27. Nxb4 Rc1+ 28. Kf2 a5 29. Nd3 Ra1 30. Re2 g5 31. d5 Rd1 32. Ke3 f6 33. d6 Kf8
34. Rd2 Rxd2 35. Kxd2 Ke8 36. Nc5 f5 37. Ke3 h5 38. a4 Kd8 39. g3 Ke8 40. h3 Kd8
41. Kd4 g4 42. fxg4 fxg4 43. hxg4 hxg4 44. Ke5 Ke8 45. Nb7 Kd7 46. Nxa5 1-0

[Event "AUTO-INT-819"]
[Site "http://www.queenalice.com/game.php?id=365921"]
[Date "2008.3.5"]
[Round "1"]
[White "vanomcz"]
[Black "YouLoseSorry"]
[Result "1-0"]
[WhiteElo "1332"]
[BlackElo "1406"]

1. e4 e5 2. Nf3 Nc6 3. d4 Nxd4 4. Nxd4 exd4 5. Qxd4 c6 6. Qe5+ Qe7 7. Qxe7+ Bxe7
8. Bc4 b5 9. Bd3 Nf6 10. e5 Nd5 11. c4 bxc4 12. Bxc4 Nb4 13. Kd1 O-O 14. Nc3 Re8
15. a3 Na6 16. f4 d5 17. Be2 Nc5 18. Kc2 Bf5+ 19. Kd1 Nb3 20. Ra2 d4 21. Bc4 Na5
22. Ba6 dxc3 23. bxc3 Be4 24. Bf1 Red8+ 25. Rd2 Rxd2+ 26. Bxd2 Nb3 27. Bc1 Rd8+
28. Ke1 Nxc1 29. Bc4 Bxa3 30. Kf2 Rd2+ 31. Ke3 Bxg2 32. Rg1 Bc5+ 33. Kxd2 1-0

[Event "AUTO-INT-819"]
[Site "http://www.queenalice.com/game.php?id=365922"]
[Date "2008.3.5"]
[Round "1"]
[White "YouLoseSorry"]
[Black "vanomcz"]
[Result "1-0"]
[WhiteElo "1428"]
[BlackElo "1318"]

1. e4 e5 2. Bc4 Nf6 3. d4 d5 4. Bxd5 Nxd5 5. exd5 Qxd5 6. dxe5 Qxg2 7. Qf3 Qxf3
8. Nxf3 Nc6 9. Nc3 Bg4 10. Ng5 Nxe5 11. Bf4 f6 12. Bxe5 fxe5 13. f3 Bf5 14. Rc1
h6 15. Nd5 O-O-O 16. Nf7 Bd6 17. Nxh8 Rxh8 18. O-O Bc5+ 19. Kg2 Re8 20. b4 Bd6
21. c4 e4 22. fxe4 Bxe4+ 23. Kh3 g5 24. Nf6 Rf8 25. c5 Be5 26. Nxe4 Bf4 27. Kg4
c6 28. Rcd1 Rd8 29. Rxd8+ Kxd8 30. Rxf4 gxf4 31. Kxf4 Kd7 32. Nf6+ Ke6 33. Ng8
h5 34. Kg5 Kf7 35. Nh6+ Ke6 36. Kxh5 Kd5 37. a3 Kc4 38. Kg5 Kb3 39. h4 Kxa3 40.
Nf5 Kxb4 41. h5 a5 42. h6 Kxc5 43. h7 b5 44. h8=Q a4 45. Qd4# 1-0

[Event "Challenge"]
[Site "http://www.queenalice.com/game.php?id=367530"]
[Date "2008.3.8"]
[Round "-"]
[White "vanomcz"]
[Black "rafaeldias"]
[Result "0-1"]
[WhiteElo "1320"]
[BlackElo "1682"]

1. e4 c5 2. d4 Nc6 3. c3 cxd4 4. cxd4 e5 5. Nf3 Qa5+ 6. Bd2 Bb4 7. a3 exd4 8.
Bxb4 Nxb4 9. Qd2 Nc2+ 10. Kd1 Qxd2+ 11. Nfxd2 Nxa1 12. b4 d6 13. Bb5+ Bd7 14.
Bxd7+ Kxd7 15. Kc1 Rc8+ 16. Kb2 Nc2 17. Rc1 d3 18. Nb3 Nf6 19. f3 d5 20. e5 Rhe8
21. Nc5+ Ke7 22. Nxd3 Nd4 23. Rxc8 Rxc8 24. exf6+ gxf6 25. Nc5 b6 26. Nb3 Rc2+
27. Ka1 Nxb3# 0-1

[Event "Challenge"]
[Site "http://www.queenalice.com/game.php?id=374966"]
[Date "2008.3.21"]
[Round "-"]
[White "Dream_Attack"]
[Black "vanomcz"]
[Result "0-1"]
[WhiteElo "1308"]
[BlackElo "1337"]

1. d4 d5 2. Nc3 c6 3. f3 f6 4. e4 dxe4 5. fxe4 f5 6. Bd2 fxe4 7. Nge2 Nf6 8. b3
Na6 9. Nf4 g6 10. Qe2 Qxd4 11. O-O-O Bg4 12. Qe3 c5 13. Re1 Rd8 14. Bb5+ Kf7 15.
h3 Bd7 16. Nfd5 Nxd5 17. Nxd5 Bxb5 18. Qf4+ Ke8 19. Nc7+ Nxc7 20. Qxc7 Rd7 21.
Qf4 e3 22. Bxe3 Qxf4 23. Bxf4 h5 24. Be5 Bh6+ 25. Kb1 Rf8 26. c4 Bc6 27. g4 Bxh1
28. Rxh1 a6 29. gxh5 gxh5 30. Rg1 b5 31. cxb5 axb5 32. Rc1 Bxc1 0-1